| 000 | 00373nam a2200121 a 4500 | ||
|---|---|---|---|
| 005 | 20140414131911.0 | ||
| 008 | 101012s19uu xx 00 eng d | ||
| 050 |
_aER _bP65 2007 |
||
| 100 | _aCollodi, Carlo | ||
| 245 |
_aPinocchio / _cfrom the story by Carlo Collodi; illustrated by Mauro Evangelista. |
||
| 260 |
_bUniversity of Surrey Roehampton, _c2007. |
||
| 999 |
_c111197 _d111197 |
||